| 000 | 00662nam a22001697a 4500 | ||
|---|---|---|---|
| 008 | 160229b xxu||||| |||| 00| 0 eng d | ||
| 020 | _a9977591822 | ||
| 082 |
_a863.32 _bQ66q |
||
| 110 |
_aMinisterio de Cultura, Juventud y Deportes _94798 |
||
| 245 |
_aEl Quijote entre nosotros _cAmalia Chaverri Fonseca, comp. y coordinación |
||
| 260 |
_aSan José : _bMinisterio de Cultura, Juventud y Deportes, _c2006 |
||
| 300 |
_a242 p.; _bill. (col.); _c28 cm. |
||
| 600 |
_aCervantes Saavedra, Miguel _b1547-1616 _94799 |
||
| 650 |
_aDon Quijote de la Mancha _94800 |
||
| 650 |
_aCrítica e Interpretación _93236 |
||
| 710 |
_aMinisterio de Cultura, Juventud y Deportes _94801 |
||
| 999 |
_c871 _d871 |
||